La melo est gangx- Tiakola x Gazo - Statistiques

Statistiques générales
  • Ce quiz a été pris 175 fois
  • Le résultat moyen est 9 sur 12
Statistiques - réponses
chanteur(s) titre % Correct
Tiakola/Gazo Mami wata
94%
Tiakola 200K
91%
Gazo 100K
90%
Tiakola/Gazo Notre dame
89%
Tiakola/Gazo Cartier
86%
Tiakola/Gazo Outro
77%
Tiakola/Gazo 24/34
75%
Tiakola/Gazo Afrikanbadman
73%
Tiakola/Gazo Interlude
64%
Tiakola/Gazo Sobad
60%
Tiakola/Gazo Ambitions
59%
Tiakola/Gazo A.V.S.D
54%
Aucun quiz correspondant
Distribution des résultats
% des personnes avec chaque résultat
Percentile par nombre de réponses
Votre historique - résultats
Vous n’avez pas pris ce quiz